Paradise pools /
| Other Authors: | , |
|---|---|
| Format: | Book |
| Language: | English German French Dutch |
| Language Notes: | Parallel text in English, German, French and Dutch. |
| Published: |
Singapore :
Page One,
2008.
|
| Subjects: |
MARC
| Tag | First Indicator | Second Indicator | Subfields |
|---|---|---|---|
| LEADER | 00000cam a2200000Ia 4500 | ||
| 001 | in00002481721 | ||
| 005 | 20151111040819.0 | ||
| 008 | 080528s2008 si ae 000 0 eng | ||
| 020 | |a 9789812456434 (pbk.) | ||
| 020 | |a 9812456430 (pbk.) | ||
| 035 | |a (OCoLC)ocn229018508 | ||
| 035 | |a (OCoLC)229018508 | ||
| 040 | |a SINLB |c SINLB |d YDXCP |d BTCTA |d TXA |d UtOrBLW | ||
| 041 | 1 | |a eng |a ger |a fre |a dut |h und | |
| 049 | |a TXAM | ||
| 082 | 0 | 4 | |a 728.962 |2 22 |
| 090 | |a TH4763 |b .P36 2008 | ||
| 245 | 0 | 0 | |a Paradise pools / |c edited by Macarena San Martin ; [texts, Macarena San Martin, Sandra Moya]. |
| 264 | 1 | |a Singapore : |b Page One, |c 2008. | |
| 300 | |a 255 pages : |b color illustrations, plans ; |c 19 cm. | ||
| 336 | |a text |b txt |2 rdacontent | ||
| 337 | |a unmediated |b n |2 rdamedia | ||
| 338 | |a volume |b nc |2 rdacarrier | ||
| 500 | |a "First published 2008 by Loft Publications, S.L."--Title page verso. | ||
| 546 | |a Parallel text in English, German, French and Dutch. | ||
| 500 | |a "First published 2008 by Loft Publications, S.L."--P. facing title page. | ||
| 650 | 0 | |a Swimming pools |v Pictorial works. | |
| 650 | 0 | |a Swimming pools. | |
| 700 | 1 | |a San Martin, Macarena. | |
| 700 | 1 | |a Moya, Sandra. | |
| 938 | |a YBP Library Services |b YANK |n 2855549 | ||
| 938 | |a Baker and Taylor |b BTCP |n BK0007964561 | ||
| 945 | |a PromptCat |b 730424 | ||
| 946 | |a stk | ||
| 947 | |a A14840118183 | ||
| 994 | |a C0 |b TXA | ||
| 948 | |a cataloged |b h |c 2009/6/29 |d c |e nbehmer |f 12:14:00 pm | ||
| 999 | |a MARS | ||
| 999 | f | f | |s 3df4756f-f3ee-31de-99a8-9afd6f88406b |i 07df53f2-3144-3e05-9bf0-1d43df195595 |t 0 |
| 952 | f | f | |p ric |a Texas A&M University |b Rellis Campus |c Joint Library Facility |d Remote Storage |t 0 |e TH4763 .P36 2008 |h Library of Congress classification |i unmediated -- volume |m A14840118183 |
| 998 | f | f | |a TH4763 .P36 2008 |t 0 |l Remote Storage |